Online Catalogue and eLibrary

If only someone had broken the silence! (Record no. 5495)

MARC details
000 -LEADER
fixed length control field 00625nam a2200145Ia 4500
005 - DATE AND TIME OF LATEST TRANSACTION
control field 20250106051017.0
008 - FIXED-LENGTH DATA ELEMENTS--GENERAL INFORMATION
fixed length control field 240331s9999 xx 000 0 und d
082 ## - DDC Classification
Item Number - Author Mark KAM
DDC Edition Number 6028
Class No. 305.23
100 ## - MAIN ENTRY--PERSONAL NAME
Personal name Bhasin, K
245 #0 - TITLE STATEMENT
Title If only someone had broken the silence!
Remainder of title Sexual violence on children
260 ## - PUBLICATION, DISTRIBUTION, ETC.
Place of publication, distribution, etc. New Delhi
Name of publisher, distributor, etc. Sangat
Date of publication, distribution, etc. 2003
300 ## - PHYSICAL DESCRIPTION
Extent (e.g. Volumes, Pages etc.) 26 p.,
500 ## - GENERAL NOTE
General note A story calling awareness to sexual violence against children, through personal stories and experiences, from the point of view of a young girl. The book encourages people to speak out, assert their rights and create a more just and equal society.
942 ## - Koha item type (Biblio)
Koha item type Books in Stacks (Lending)
Holdings
Lost status Damaged status Collection code Home library Current library Shelving location Date acquired Full call number Accession Number Item type
    Lending WERC Library WERC Library Social Science Cupboard 03/31/2024 362.3 BHA 6028 Books in Stacks (Lending)

© WERC Library